000 00411nam a2200169Ia 4500
008 230524s9999 xx 000 0 und d
020 _a8131709167
082 _a4.16
_bSHO
100 _aKenneth L.Short
245 0 _aMicroprocessors and Programmed Logic
250 _a2ND
260 _aNEW DELHI
_bPearson
_c2004
300 _aXIX;609
500 _aQuantity Number: 52
650 _aComp-Sc
942 _cBK
999 _c27036
_d27036